[Event "Championnat de France - Vétérans"]
[Site "Pau"]
[Date "2009.08.11"]
[Round "1.1"]
[White "Coussot, Jean-Claude"]
[Black "Vaisman, Volodia"]
[Result "1/2-1/2"]
[WhiteElo "1779"]
[BlackElo "2356"]
[PlyCount "78"]
[EventDate "2009.??.??"]

1. d4 Nf6 2. Nc3 c5 3. d5 e5 4. e4 d6 5. f4 exf4 6. Bxf4 a6 7. a4 g6 8. Nf3 Bg4
9. Be2 Bxf3 10. Bxf3 Nbd7 11. O-O Ne5 12. Be2 Bg7 13. Bg5 h6 14. Bh4 O-O 15.
Ra3 Re8 16. Qc1 g5 17. Bg3 Ng6 18. Bd3 Rc8 19. e5 Nxe5 20. Bf5 Rc7 21. h4 Nc4
22. hxg5 Nh5 23. Ne4 Rxe4 24. gxh6 Bd4+ 25. Bf2 Nxa3 26. Bxe4 Nc4 27. Bxd4 cxd4
28. Rf5 Qh4 29. Qg5+ Qxg5 30. Rxg5+ Kh8 31. Rxh5 Nxb2 32. g4 Re7 33. Bf5 Nxa4
34. Rg5 f6 35. Rg6 Rf7 36. Be6 Rf8 37. Rg7 Nc5 38. Bf5 a5 39. Rh7+ Kg8 1/2-1/2

[Event "Championnat de France - Vétérans"]
[Site "Pau"]
[Date "2009.08.11"]
[Round "1.2"]
[White "Mosionzhik, Ilya"]
[Black "Vernadet, Bernard"]
[Result "0-1"]
[WhiteElo "2162"]
[BlackElo "1775"]
[PlyCount "92"]
[EventDate "2009.??.??"]

1. e4 e6 2. c3 d5 3. e5 c5 4. Nf3 Nc6 5. Bb5 Bd7 6. Ba4 Nge7 7. O-O Ng6 8. Re1
Be7 9. Bc2 O-O 10. g3 a6 11. h4 f6 12. exf6 Bxf6 13. Bxg6 hxg6 14. d3 d4 15. c4
Qc7 16. Ng5 e5 17. Ne4 Be7 18. Bg5 Rae8 19. Bxe7 Nxe7 20. Nbd2 b6 21. h5 Bf5
22. g4 Bxe4 23. Nxe4 gxh5 24. gxh5 Nf5 25. Qg4 Qc6 26. Re2 Re7 27. Rae1 Nh6 28.
Qg5 Qe6 29. Ng3 Qf6 30. Qxf6 gxf6 31. Re4 Rg7 32. Kf1 Rg5 33. Ke2 Rf7 34. Rh1
Re7 35. Rg1 Kh7 36. Rb1 a5 37. a3 Nf5 38. Nxf5 Rxf5 39. Rh4 Kh6 40. Rbh1 Rg7
41. Rf1 Rxh5 42. Rxh5+ Kxh5 43. Kf3 Re7 44. Rh1+ Kg6 45. Rg1+ Kf7 46. Rb1 Rc7
0-1

[Event "Championnat de France - Vétérans"]
[Site "Pau"]
[Date "2009.08.11"]
[Round "1.3"]
[White "Delhom, Raoul"]
[Black "Ricter, Jean-Paul"]
[Result "0-1"]
[WhiteElo "1773"]
[BlackElo "2093"]
[PlyCount "42"]
[EventDate "2009.??.??"]

1. Nf3 d6 2. g3 e5 3. Bg2 e4 4. Nd4 c5 5. Nb3 c4 6. Nd4 Qb6 7. e3 Nf6 8. Nc3
Nc6 9. Nce2 d5 10. O-O Bc5 11. Nxc6 bxc6 12. c3 O-O 13. Nf4 Kh8 14. Nh5 Bg4 15.
f3 Bxh5 16. g4 Bg6 17. f4 h6 18. g5 hxg5 19. fxg5 Nh5 20. Bh3 Qd8 21. Rf5 Kg8
0-1

[Event "Championnat de France - Vétérans"]
[Site "Pau"]
[Date "2009.08.11"]
[Round "1.4"]
[White "Basic, Bosko"]
[Black "Ferrari, Guy"]
[Result "1-0"]
[WhiteElo "2068"]
[BlackElo "1761"]
[PlyCount "65"]
[EventDate "2009.??.??"]

1. Nf3 Nc6 2. d4 d5 3. g3 e6 4. Bg2 Bb4+ 5. c3 Bd6 6. O-O Nge7 7. Nbd2 O-O 8.
e4 dxe4 9. Nxe4 Ng6 10. Nfg5 h6 11. Nxd6 Qxd6 12. Ne4 Qe7 13. Be3 Rd8 14. Qe2
b6 15. Nc5 bxc5 16. Bxc6 Rb8 17. dxc5 Bb7 18. Bxb7 Rxb7 19. Rfd1 c6 20. b3 Rbd7
21. Rd6 Rxd6 22. cxd6 Qxd6 23. Bxa7 Qd3 24. Qxd3 Rxd3 25. c4 Ne5 26. Be3 h5 27.
Kf1 Rd7 28. a4 Rb7 29. a5 Rxb3 30. a6 Rb8 31. a7 Ra8 32. Rb1 Nd7 33. Rb7 1-0

[Event "Championnat de France - Vétérans"]
[Site "Pau"]
[Date "2009.08.11"]
[Round "1.5"]
[White "Gobbetto, Jean-Claude"]
[Black "Darrigues, Alain"]
[Result "0-1"]
[WhiteElo "1757"]
[BlackElo "2045"]
[PlyCount "106"]
[EventDate "2009.??.??"]

1. d4 Nf6 2. Nf3 g6 3. e3 Bg7 4. Bd3 O-O 5. O-O d6 6. Nbd2 Nbd7 7. h3 b6 8. Qe2
a6 9. e4 e5 10. d5 Nc5 11. b3 Nh5 12. Nb1 h6 13. Be3 Nd7 14. Qd2 Kh7 15. g4 Nf4
16. Bxf4 exf4 17. c3 Be5 18. Kh2 Kg7 19. Rg1 Rh8 20. Na3 Qf6 21. Rac1 b5 22.
Bb1 b4 23. Nc4 Bxc3 24. Qe2 Re8 25. Rcd1 a5 26. Bc2 Ba6 27. g5 hxg5 28. Rxg5
Ne5 29. Rdg1 Bxc4 30. bxc4 Rh8 31. Nxe5 Bxe5 32. f3 Rh6 33. Qg2 Rah8 34. Ba4
Qe7 35. Qg4 Bf6 36. Rf5 Kf8 37. Rxf4 Be5 38. Rg3 Bxf4 39. Qxf4 Qe5 40. Qxe5
dxe5 41. Bd7 Ke7 42. Bc6 Kd6 43. Kg2 Kc5 44. Bb5 Rh4 45. Rg5 Kd4 46. Rg3 Ra8
47. Kh2 a4 48. Rg2 b3 49. Kg3 Rhh8 50. d6 cxd6 51. Rd2+ Kc3 52. Rg2 b2 53. Rg1
a3 0-1

[Event "Championnat de France - Vétérans"]
[Site "Pau"]
[Date "2009.08.11"]
[Round "1.6"]
[White "Degrave, Jack"]
[Black "Mercier, Pierre"]
[Result "1-0"]
[WhiteElo "2028"]
[BlackElo "1747"]
[PlyCount "103"]
[EventDate "2009.??.??"]

1. e4 c5 2. Nf3 d6 3. d4 cxd4 4. Nxd4 a6 5. Nc3 Nf6 6. f3 e5 7. Nb3 Be6 8. Bg5
Nbd7 9. Qd2 Be7 10. O-O-O O-O 11. g4 b5 12. h4 Rc8 13. Kb1 Rc6 14. Nd5 Bxd5 15.
exd5 Rc8 16. Bxf6 Bxf6 17. g5 Be7 18. Bd3 f5 19. gxf6 Rxf6 20. Rdg1 Qf8 21. Be4
Rf4 22. h5 h6 23. Qg2 Bg5 24. Qh3 Qe7 25. Bf5 Rc7 26. Be6+ Kh8 27. Rg4 Nf8 28.
Rxf4 Bxf4 29. Bf5 Qf6 30. Rg1 Bg5 31. Nc1 Rf7 32. Be4 Nd7 33. Nd3 a5 34. a3 Qe7
35. Bf5 Nf6 36. Be6 Rf8 37. Rh1 Qb7 38. Qf5 Nh7 39. Qe4 Nf6 40. Qe1 Qb6 41. Qc3
Nh7 42. Rf1 e4 43. Ne1 b4 44. axb4 axb4 45. Qc6 Qc5 46. Qxc5 dxc5 47. d6 Rf6
48. Bg4 Rxd6 49. fxe4 Nf6 50. e5 Rd1+ 51. Bxd1 Ne4 52. Rf8+ 1-0

[Event "Championnat de France - Vétérans"]
[Site "Pau"]
[Date "2009.08.11"]
[Round "1.7"]
[White "Coraboeuf, Alain"]
[Black "Birens, Eric-Andre"]
[Result "0-1"]
[WhiteElo "1745"]
[BlackElo "2025"]
[Annotator ",Joelle"]
[PlyCount "50"]
[EventDate "2009.??.??"]

1. c4 c5 2. Nc3 Nc6 3. g3 e5 4. Bg2 g6 5. e3 Bg7 6. a3 Nge7 7. Nge2 O-O 8. O-O
d6 9. h3 Be6 10. Nd5 Qd7 11. Kh2 f5 12. d3 Rf7 13. f4 Raf8 14. Rb1 Kh8 15. b4
h6 16. b5 Nd8 17. b6 a6 18. Bb2 Bxd5 19. cxd5 g5 20. Qc2 Ng6 21. fxe5 dxe5 22.
Qxc5 f4 23. exf4 gxf4 24. gxf4 exf4 25. Bxg7+ Rxg7 {suite illisible} 0-1

[Event "Championnat de France - Vétérans"]
[Site "Pau"]
[Date "2009.08.11"]
[Round "1.8"]
[White "Tholey, Jean-Paul"]
[Black "Lacoste, Alain"]
[Result "1-0"]
[WhiteElo "2008"]
[BlackElo "1745"]
[PlyCount "49"]
[EventDate "2009.??.??"]

1. d4 d5 2. c4 e6 3. Nc3 Nf6 4. Bg5 Be7 5. e3 O-O 6. Nf3 h6 7. Bh4 b6 8. cxd5
Nxd5 9. Bxe7 Qxe7 10. Rc1 Bb7 11. Be2 Nd7 12. O-O Rac8 13. Qa4 a5 14. Bb5 N5f6
15. Bc6 Bxc6 16. Qxc6 e5 17. Nb5 e4 18. Nd2 Nb8 19. Qb7 Qb4 20. Na7 Rce8 21.
Rc2 Re7 22. Nc8 Ree8 23. a3 Qb5 24. Rxc7 Nbd7 25. Nd6 1-0

[Event "Championnat de France - Vétérans"]
[Site "Pau"]
[Date "2009.08.11"]
[Round "1.9"]
[White "Lezot, Pierre"]
[Black "Peyrin, Jean"]
[Result "0-1"]
[WhiteElo "1744"]
[BlackElo "1992"]
[PlyCount "88"]
[EventDate "2009.??.??"]

1. Nf3 Nf6 2. g3 c5 3. c4 Nc6 4. Nc3 g6 5. Bg2 Bg7 6. O-O O-O 7. a3 d6 8. h3 e6
9. Rb1 d5 10. cxd5 exd5 11. Nh2 d4 12. Ne4 Nxe4 13. Bxe4 Bxh3 14. Re1 Qe7 15.
d3 Rad8 16. Bxc6 bxc6 17. Nf3 h6 18. Bd2 Be6 19. Qa4 Bd5 20. Ba5 Rb8 21. b4
Rfe8 22. Qc2 cxb4 23. axb4 Qd7 24. Kh2 Qg4 25. Qd2 Bxf3 26. exf3 Qxf3 27. Bc7
Rxe1 28. Rxe1 Rb5 29. Re4 Rh5+ 30. Rh4 Rxh4+ 31. gxh4 Qg4 32. Bg3 Kh7 33. Kg2
Qe6 34. Qd1 Be5 35. Qf3 Bxg3 36. fxg3 Qd5 37. Qxd5 cxd5 38. Kf3 Kg7 39. g4 g5
40. h5 Kf6 41. Ke2 Ke5 42. Kf3 f5 43. gxf5 Kxf5 44. b5 g4+ 0-1

[Event "Championnat de France - Vétérans"]
[Site "Pau"]
[Date "2009.08.11"]
[Round "1.10"]
[White "Belluire, Patrice"]
[Black "Engel, Gerard"]
[Result "1-0"]
[WhiteElo "1985"]
[BlackElo "1742"]
[PlyCount "71"]
[EventDate "2009.??.??"]

1. e4 e5 2. Nf3 Nf6 3. Nxe5 d6 4. Nf3 Nxe4 5. d4 d5 6. Bd3 Be7 7. O-O O-O 8. c4
Nc6 9. Nc3 Nxc3 10. bxc3 Be6 11. cxd5 Bxd5 12. Re1 Re8 13. Bb2 Bf6 14. Rxe8+
Qxe8 15. Nd2 Ne7 16. c4 Bc6 17. Qb1 Ng6 18. d5 Bxb2 19. Qxb2 Bd7 20. Qxb7 Qb8
21. Rb1 Qd8 22. Be4 Rc8 23. c5 Qg5 24. Nf3 Qg4 25. Bxg6 hxg6 26. Ne5 Qf5 27. f4
Ba4 28. g4 Qxf4 29. Qxc8+ Kh7 30. Re1 Qd4+ 31. Kg2 Qd2+ 32. Kh3 Qxe1 33. Nf3
Qe3 34. Kg3 Qxc5 35. Ng5+ Kh6 36. Nxf7+ 1-0

[Event "Championnat de France - Vétérans"]
[Site "Pau"]
[Date "2009.08.12"]
[Round "2.1"]
[White "Ricter, Jean-Paul"]
[Black "Dufour, Jean"]
[Result "1-0"]
[WhiteElo "2093"]
[BlackElo "1913"]
[PlyCount "35"]
[EventDate "2009.??.??"]

1. e4 e5 2. f4 d6 3. Nf3 Nc6 4. Bc4 Be7 5. O-O Nf6 6. d4 exd4 7. e5 Ng4 8. e6
d5 9. exf7+ Kxf7 10. Ne5+ Ke8 11. Bd3 Nf6 12. Nd2 Nb4 13. Ndf3 Nxd3 14. cxd3 c5
15. Ng5 Rf8 16. Qa4+ Bd7 17. Ne6 Bxa4 18. Nxg7# 1-0

[Event "Championnat de France - Vétérans"]
[Site "Pau"]
[Date "2009.08.12"]
[Round "2.2"]
[White "Warkentin, Jurgen"]
[Black "Basic, Bosko"]
[Result "0-1"]
[WhiteElo "1915"]
[BlackElo "2068"]
[PlyCount "72"]
[EventDate "2009.??.??"]

1. d4 d5 2. Nc3 Nf6 3. Bg5 e6 4. Nf3 Nbd7 5. e3 c5 6. Bb5 cxd4 7. exd4 Be7 8.
O-O O-O 9. Re1 a6 10. Bf1 b5 11. g3 h6 12. Bd2 Bb7 13. Ne2 Ne4 14. c3 Bf6 15.
Be3 Rc8 16. Nd2 e5 17. f3 Ng5 18. Bg2 Re8 19. dxe5 Nxe5 20. Nf4 Nc4 21. Nxc4
dxc4 22. Kf2 Ne6 23. Nh5 Be7 24. Qxd8 Rexd8 25. Rad1 Nc5 26. Bf1 Na4 27. Rxd8+
Rxd8 28. Bd4 Bc5 29. b3 Bxd4+ 30. cxd4 cxb3 31. axb3 Nc3 32. Re7 Bd5 33. Rc7
Nd1+ 34. Ke1 Bxf3 35. Nf4 Rxd4 36. Bd3 g5 0-1

[Event "Championnat de France - Vétérans"]
[Site "Pau"]
[Date "2009.08.12"]
[Round "2.3"]
[White "Darrigues, Alain"]
[Black "Violeau, Jean-Luc"]
[Result "0-1"]
[WhiteElo "2045"]
[BlackElo "1890"]
[PlyCount "130"]
[EventDate "2009.??.??"]

1. d4 d5 2. c4 c6 3. Nf3 Nf6 4. Nc3 a6 5. e3 Bf5 6. Qb3 b5 7. cxd5 cxd5 8. a4
b4 9. Qxb4 Nc6 10. Qc5 Na5 11. Qa3 e6 12. b4 Qb8 13. Na2 Nc6 14. Bd2 Ne4 15.
Rc1 Qb7 16. Ne5 Nxd2 17. Nxc6 Nxf1 18. Rxf1 Rc8 19. Na5 Rxc1+ 20. Qxc1 Bxb4+
21. Nxb4 Qxb4+ 22. Qd2 Qxa4 23. f3 O-O 24. Nb7 Qa3 25. e4 dxe4 26. fxe4 Bxe4
27. Nc5 Bg6 28. Rf3 Qa1+ 29. Kf2 Rb8 30. Kg3 h6 31. Qf4 Rd8 32. Nb3 Qe1+ 33.
Kh3 Qb4 34. g4 Qd6 35. Qc1 Qd5 36. Rg3 a5 37. Qa3 Ra8 38. Qc5 Qxc5 39. dxc5 a4
40. Na1 Be4 41. Rc3 Bc6 42. Nc2 Kf8 43. Kg3 e5 44. Nb4 a3 45. Nxc6 a2 46. Rc1
a1=Q 47. Rxa1 Rxa1 48. Nxe5 Rc1 49. Kf4 Ke8 50. Ke4 Rxc5 51. h4 Ke7 52. h5 Ke6
53. Nd3 Rc4+ 54. Kf3 Rc3 55. Ke4 Rxd3 56. Kxd3 f5 57. Ke3 fxg4 58. Kf4 g3 59.
Kxg3 Kf5 60. Kh4 Kf4 61. Kh3 Kg5 62. Kg3 Kxh5 63. Kh3 Kg5 64. Kg3 g6 65. Kh3
Kf4 0-1

[Event "Championnat de France - Vétérans"]
[Site "Pau"]
[Date "2009.08.12"]
[Round "2.4"]
[White "Marbot, Raymond"]
[Black "Degrave, Jack"]
[Result "1-0"]
[WhiteElo "1912"]
[BlackElo "2028"]
[PlyCount "81"]
[EventDate "2009.??.??"]

1. e4 e6 2. d4 d5 3. Nd2 dxe4 4. Nxe4 Nd7 5. Nf3 Ngf6 6. Bg5 Be7 7. Nxf6+ Bxf6
8. Bxf6 Qxf6 9. Bd3 O-O 10. O-O e5 11. dxe5 Nxe5 12. Nxe5 Qxe5 13. c3 Be6 14.
Re1 Qc5 15. Qc2 h6 16. Re3 Rfe8 17. Rae1 Bd7 18. Be4 Bc6 19. Bxc6 Qxc6 20. Qe2
Rxe3 21. Qxe3 Qd6 22. g3 b6 23. Qe5 Qxe5 24. Rxe5 Kf8 25. f4 Rd8 26. Kf2 f6 27.
Re3 f5 28. Ke2 Kf7 29. h4 Rd6 30. b4 g6 31. a4 Kf6 32. b5 c5 33. Rd3 Re6+ 34.
Re3 Re4 35. Rxe4 fxe4 36. g4 h5 37. gxh5 gxh5 38. Ke3 Kf5 39. c4 Kg4 40. Kxe4
Kxh4 41. Kf3 1-0

[Event "Championnat de France - Vétérans"]
[Site "Pau"]
[Date "2009.08.12"]
[Round "2.5"]
[White "Birens, Eric-Andre"]
[Black "Maury, Claude"]
[Result "1-0"]
[WhiteElo "2025"]
[BlackElo "1883"]
[PlyCount "33"]
[EventDate "2009.??.??"]

1. d4 d5 2. c4 Nc6 3. cxd5 Qxd5 4. e3 e5 5. Nc3 Bb4 6. Bd2 Bxc3 7. bxc3 exd4 8.
cxd4 Nge7 9. f3 O-O 10. Ne2 Qd6 11. Nc3 Nf5 12. Nb5 Qe7 13. Qe2 a6 14. Nc3 Re8
15. Ne4 Nb4 16. Qc4 Nd5 17. Qxd5 1-0

[Event "Championnat de France - Vétérans"]
[Site "Pau"]
[Date "2009.08.12"]
[Round "2.6"]
[White "De Leeuw, Johannes"]
[Black "Tholey, Jean-Paul"]
[Result "0-1"]
[WhiteElo "1888"]
[BlackElo "2008"]
[PlyCount "130"]
[EventDate "2009.??.??"]

1. e4 c5 2. Nf3 a6 3. c3 d5 4. exd5 Qxd5 5. d4 Bg4 6. Be2 cxd4 7. Qxd4 Qxd4 8.
Nxd4 Bxe2 9. Kxe2 e5 10. Nb3 Nf6 11. f3 Nbd7 12. Be3 Nd5 13. Rd1 Nxe3 14. Kxe3
Rc8 15. N1d2 Be7 16. Ke2 Nb6 17. Ne4 Nc4 18. Rab1 f5 19. Ng3 g6 20. Nf1 Nb6 21.
Ne3 Kf7 22. Nd5 Nxd5 23. Rxd5 Ke6 24. Rbd1 Rc7 25. g3 Rhc8 26. R5d3 b6 27. Re3
b5 28. Red3 Rc4 29. a3 g5 30. Rd7 R4c7 31. Rxc7 Rxc7 32. Nd2 Rd7 33. Nf1 Rxd1
34. Kxd1 Bc5 35. Ke2 Kd5 36. Kd3 e4+ 37. fxe4+ fxe4+ 38. Ke2 g4 39. b3 Bxa3 40.
Ne3+ Ke6 41. Nxg4 a5 42. Ne3 Bc5 43. Nc2 a4 44. b4 Bg1 45. h3 Kd5 46. Na3 Bh2
47. Kf2 e3+ 48. Kxe3 Bxg3 49. Kd3 Kc6 50. c4 bxc4+ 51. Kxc4 Be1 52. Nc2 Bd2 53.
Nd4+ Kb6 54. Ne2 a3 55. Kb3 Bxb4 56. Nd4 Be7 57. Nf5 Bc5 58. h4 Kc6 59. h5 Kd7
60. Ng3 Ke6 61. Ne4 Be7 62. Nc3 Kf5 63. h6 Kg6 64. Nb5 Kxh6 65. Nxa3 Bxa3 0-1

[Event "Championnat de France - Vétérans"]
[Site "Pau"]
[Date "2009.08.12"]
[Round "2.7"]
[White "Peyrin, Jean"]
[Black "Rodriguez, Jean-Pierre"]
[Result "0-1"]
[WhiteElo "1992"]
[BlackElo "1858"]
[PlyCount "138"]
[EventDate "2009.??.??"]

1. d4 Nf6 2. c4 e6 3. Nf3 d5 4. Nc3 Bd6 5. cxd5 exd5 6. Bg5 c6 7. e3 Nbd7 8.
Bd3 h6 9. Bh4 O-O 10. O-O Re8 11. Qc2 Nf8 12. Rab1 Bg4 13. Bg3 Bxg3 14. hxg3
N8d7 15. b4 Rc8 16. Nd2 Nf8 17. b5 Bd7 18. bxc6 Bxc6 19. Qb3 Qd7 20. Nf3 Ng4
21. Ne2 g6 22. Rfc1 Nh7 23. Nc3 Nhf6 24. Qd1 Ne4 25. Bxe4 dxe4 26. Nh2 Nf6 27.
Rb2 b5 28. Rcb1 a6 29. Qd2 Qf5 30. Rc1 Ba8 31. Ne2 Nd5 32. Rbc2 Nb6 33. Rc5 Qd7
34. Nf4 Nc4 35. Qb4 Rb8 36. Qe1 Rec8 37. Rxc8+ Rxc8 38. Qe2 Kg7 39. Qg4 Qb7 40.
Nh5+ Kf8 41. Nf6 Kg7 42. Qf4 Qe7 43. Nhg4 Rh8 44. d5 h5 45. d6 Qxd6 46. Qxd6
Nxd6 47. Rd1 Nc4 48. Nd7 hxg4 49. Nc5 a5 50. Rd7 Rc8 51. Ne6+ Kf6 52. Nd4 Bc6
53. Ra7 Be8 54. Ra6+ Kg7 55. Ra7 Kh6 56. Ra6 Kh5 57. Rf6 Nd2 58. Ne2 Rc2 59.
Nf4+ Kg5 60. Rd6 Rc1+ 61. Kh2 Nf1+ 62. Kg1 Nxg3+ 63. Kh2 Nf1+ 64. Kg1 Nxe3+ 65.
Kh2 Nf1+ 66. Kg1 Kxf4 67. Rf6+ Kg5 68. Rd6 e3 69. fxe3 Nxe3+ 0-1

[Event "Championnat de France - Vétérans"]
[Site "Pau"]
[Date "2009.08.12"]
[Round "2.8"]
[White "Mosti, Alain"]
[Black "Belluire, Patrice"]
[Result "0-1"]
[WhiteElo "1870"]
[BlackElo "1985"]
[PlyCount "144"]
[EventDate "2009.??.??"]

1. e4 d5 2. exd5 Nf6 3. d4 Nxd5 4. c4 Nb6 5. Nc3 e5 6. Be3 exd4 7. Qxd4 Qxd4 8.
Bxd4 Nc6 9. Bxb6 axb6 10. a3 Bb4 11. Rc1 Bd6 12. Bd3 Ne5 13. Be2 Bf5 14. Rd1
O-O-O 15. Nf3 Nxf3+ 16. Bxf3 Rhe8+ 17. Be2 Be5 18. Rxd8+ Kxd8 19. Kd1 c6 20. g4
Bg6 21. h4 h6 22. Rh3 Kc7 23. Bd3 Bxc3 24. bxc3 Rd8 25. Kc2 Bxd3+ 26. Rxd3 Rxd3
27. Kxd3 Kd6 28. Kd4 Ke6 29. f4 h5 30. gxh5 Kf5 31. Ke3 Kg4 32. Ke4 Kxh5 33. a4
Kxh4 34. c5 bxc5 35. a5 Kg4 36. Ke5 f6+ 37. Kd6 Kxf4 38. Kc7 g5 39. Kxb7 g4 40.
a6 g3 41. a7 g2 42. a8=Q g1=Q 43. Qb8+ Kf3 44. Qf8 Qg5 45. Kxc6 c4 46. Qf7 Qf4
47. Qh5+ Ke3 48. Qc5+ Kd3 49. Qb4 Qe4+ 50. Kb6 Qe6+ 51. Kb5 Qe5+ 52. Kc6 Qxc3
53. Qd6+ Qd4 54. Qg3+ Kc2 55. Qh2+ Kd3 56. Qg3+ Kc2 57. Qh2+ Qd2 58. Qh7+ Qd3
59. Qh2+ Kc3 60. Qh4 f5 61. Qe1+ Kb3 62. Qg1 c3 63. Qb6+ Kc2 64. Qf2+ Kc1 65.
Qg1+ Kd2 66. Qf2+ Qe2 67. Qd4+ Qd3 68. Qf2+ Kc1 69. Qg1+ Kb2 70. Qf2+ Qc2 71.
Qb6+ Qb3 72. Qf2+ c2 0-1

[Event "Championnat de France - Vétérans"]
[Site "Pau"]
[Date "2009.08.12"]
[Round "2.9"]
[White "Chabeaud, Jean-Jacques"]
[Black "Andrieu, Philippe"]
[Result "0-1"]
[WhiteElo "1815"]
[BlackElo "1962"]
[PlyCount "80"]
[EventDate "2009.??.??"]

1. d4 d5 2. Nf3 Bf5 3. c4 e6 4. Nc3 c5 5. cxd5 exd5 6. Bf4 Bd6 7. Bxd6 Qxd6 8.
e3 Nf6 9. Bd3 Bg4 10. Be2 Nbd7 11. h3 Bh5 12. Nh4 Bg6 13. Nxg6 hxg6 14. Qc2 Kf8
15. a3 a5 16. Na4 Ne4 17. Rc1 Re8 18. Nxc5 Ndxc5 19. dxc5 Qe7 20. Rf1 Rh4 21.
f4 Ng3 22. Rf3 Nf5 23. g4 Nxe3 24. Qd3 Nc4 25. Kf1 Qxc5 26. Rc3 Qe7 27. b3 Nd6
28. f5 gxf5 29. gxf5 Ne4 30. Re3 Rf4+ 31. Kg1 Qg5+ 32. Bg4 Rxg4+ 33. hxg4 Qxg4+
34. Kf1 Qf4+ 35. Rf3 Nd2+ 36. Kg2 Nxf3 37. Qxf3 Qd2+ 38. Kg3 Re1 39. Rd3 Rg1+
40. Kh3 Qh6+ 0-1

[Event "Championnat de France - Vétérans"]
[Site "Pau"]
[Date "2009.08.12"]
[Round "2.10"]
[White "Dubreuil, Remy"]
[Black "Mounier, Michel"]
[Result "0-1"]
[WhiteElo "1945"]
[BlackElo "1839"]
[PlyCount "68"]
[EventDate "2009.??.??"]

1. e4 e6 2. d3 d5 3. Nd2 c5 4. Ngf3 Nc6 5. c3 Bd6 6. g3 d4 7. Bg2 e5 8. O-O Be6
9. a3 f6 10. Nh4 Nge7 11. Qh5+ g6 12. Qd1 Qd7 13. Nc4 Bc7 14. cxd4 Nxd4 15. Nf3
Rd8 16. Ne1 Qb5 17. Ne3 Bb3 18. Qg4 h5 19. Qh3 Be6 20. g4 Kf7 21. Nd5 Nxd5 22.
exd5 Bxg4 23. Qe3 Be2 24. Rb1 Bxf1 25. Kxf1 c4 26. Bd2 Bb6 27. Qh3 Rhe8 28. Kg1
cxd3 29. Nxd3 e4 30. Nf4 Ne2+ 31. Kh1 Nxf4 32. Bxf4 Qxd5 33. Rf1 Qd3 34. Qh4
Qc2 0-1

[Event "Championnat de France - Vétérans"]
[Site "Nimes"]
[Date "2009.08.13"]
[Round "3.1"]
[White "Labarthe, Arnaud"]
[Black "Ricter, Jean-Paul"]
[Result "0-1"]
[WhiteElo "1915"]
[BlackElo "2093"]
[PlyCount "60"]
[EventDate "2009.??.??"]

1. c4 d6 2. d4 e5 3. Nf3 e4 4. Ng5 f5 5. g3 Be7 6. Nh3 Nf6 7. Nc3 O-O 8. Bg2 c6
9. Bg5 Ng4 10. Bxe7 Qxe7 11. e3 Na6 12. Bf1 Nc7 13. Be2 Bd7 14. Bxg4 fxg4 15.
Nf4 g5 16. Ng2 Qf7 17. O-O Rae8 18. Qb3 Bc8 19. Rae1 Qh5 20. Qd1 Qh3 21. Ne2
Re6 22. Nef4 gxf4 23. exf4 Rh6 24. Nh4 Ne8 25. Qd2 Ng7 26. f5 Nxf5 27. f3 e3
28. Qe2 Nxh4 29. fxg4 Bxg4 30. Rxf8+ Kxf8 0-1

[Event "Championnat de France - Vétérans"]
[Site "Nimes"]
[Date "2009.08.13"]
[Round "3.2"]
[White "Basic, Bosko"]
[Black "Cortes, Jaime"]
[Result "1-0"]
[WhiteElo "2068"]
[BlackElo "1937"]
[PlyCount "51"]
[EventDate "2009.??.??"]

1. Nf3 d5 2. d4 Nf6 3. g3 e6 4. Bg2 Be7 5. O-O O-O 6. c4 c6 7. Nc3 Nbd7 8. b3
Re8 9. Bb2 Bd6 10. Qc2 b6 11. e4 Nxe4 12. Nxe4 dxe4 13. Qxe4 Bb7 14. Rfe1 f5
15. Qd3 Qc7 16. Ng5 Nf8 17. d5 exd5 18. cxd5 c5 19. Qxf5 Re7 20. Ne6 Nxe6 21.
dxe6 Bxg2 22. Kxg2 Rf8 23. Qd5 Rd8 24. Rad1 Qb7 25. Qxb7 Rxb7 26. Rxd6 1-0

[Event "Championnat de France - Vétérans"]
[Site "Nimes"]
[Date "2009.08.13"]
[Round "3.3"]
[White "Violeau, Jean-Luc"]
[Black "Birens, Eric-Andre"]
[Result "1-0"]
[WhiteElo "1890"]
[BlackElo "2025"]
[PlyCount "101"]
[EventDate "2009.??.??"]

1. Nf3 c5 2. c4 Nc6 3. Nc3 e5 4. g3 g6 5. Bg2 Bg7 6. O-O Nge7 7. d3 d6 8. Rb1
O-O 9. a3 a5 10. Bd2 h6 11. Nd5 Nxd5 12. cxd5 Ne7 13. e4 f5 14. b4 axb4 15.
axb4 b6 16. Ra1 Ba6 17. Ne1 fxe4 18. Bxe4 Bb7 19. Rxa8 Qxa8 20. Qg4 Rf6 21. Nc2
Bxd5 22. Ra1 Qb7 23. bxc5 bxc5 24. Ne3 Bxe4 25. Qxe4 Qb2 26. Ra8+ Kh7 27. Be1
d5 28. Nxd5 Nxd5 29. Qxd5 h5 30. Qxc5 Qb1 31. Qe3 Rd6 32. Ra3 h4 33. Kg2 Qb7+
34. Qe4 Qd7 35. Qxh4+ Kg8 36. Qc4+ Kh7 37. Qh4+ Kg8 38. Qc4+ Kh7 39. Rb3 Rd4
40. Qb5 Qf5 41. Bd2 g5 42. h3 g4 43. hxg4 Qxg4 44. Be3 Rd6 45. Qb7 Qe6 46. Qe4+
Kg8 47. Rb8+ Kf7 48. Qc4 Bf6 49. Rb7+ Be7 50. Qxe6+ Rxe6 51. Bc5 1-0

[Event "Championnat de France - Vétérans"]
[Site "Nimes"]
[Date "2009.08.13"]
[Round "3.4"]
[White "Tholey, Jean-Paul"]
[Black "Auge, Jean"]
[Result "0-1"]
[WhiteElo "2008"]
[BlackElo "1927"]
[PlyCount "82"]
[EventDate "2009.??.??"]

1. d4 d5 2. c4 e6 3. Nc3 Nf6 4. Nf3 c5 5. cxd5 Nxd5 6. e4 Nxc3 7. bxc3 cxd4 8.
cxd4 Bb4+ 9. Bd2 Qa5 10. Bxb4 Qxb4+ 11. Qd2 Qxd2+ 12. Kxd2 O-O 13. Bc4 Nd7 14.
Rac1 Nb6 15. Bb3 Bd7 16. Ne5 Rac8 17. Nxd7 Nxd7 18. f4 Rfd8 19. Ke3 Kf8 20. h3
Ke7 21. g4 Nb6 22. Rhd1 Rxc1 23. Rxc1 Rc8 24. Rxc8 Nxc8 25. d5 Nd6 26. e5 Nc8
27. d6+ Kd8 28. f5 exf5 29. gxf5 f6 30. Kd4 fxe5+ 31. Kxe5 b5 32. Bd5 a5 33.
Bc6 b4 34. Ke6 Nb6 35. Kf7 b3 36. Kxg7 a4 37. f6 bxa2 38. f7 a1=Q+ 39. Kg8 Qg1+
40. Kxh7 Qf2 41. Kg7 a3 0-1

[Event "Championnat de France - Vétérans"]
[Site "Nimes"]
[Date "2009.08.13"]
[Round "3.5"]
[White "Belluire, Patrice"]
[Black "Marbot, Raymond"]
[Result "1/2-1/2"]
[WhiteElo "1985"]
[BlackElo "1912"]
[PlyCount "65"]
[EventDate "2009.??.??"]

1. e4 e6 2. d4 d5 3. Nc3 Bb4 4. Nge2 dxe4 5. a3 Bxc3+ 6. Nxc3 Nf6 7. Bg5 h6 8.
Bxf6 Qxf6 9. Nxe4 Qe7 10. Qd2 O-O 11. O-O-O Rd8 12. f4 b6 13. Be2 Bb7 14. Bf3
c5 15. Qf2 cxd4 16. Rxd4 Rxd4 17. Qxd4 Nc6 18. Qd6 Kf8 19. Rd1 Rd8 20. Qxe7+
Kxe7 21. Rxd8 Nxd8 22. c3 f5 23. Nd2 g5 24. g3 Bxf3 25. Nxf3 Nf7 26. Kd2 Kf6
27. Nd4 e5 28. fxe5+ Nxe5 29. b3 a5 30. a4 h5 31. Ke2 Ng4 32. Nf3 Ne5 33. Nd4
1/2-1/2

[Event "Championnat de France - Vétérans"]
[Site "Nimes"]
[Date "2009.08.13"]
[Round "3.6"]
[White "Andrieu, Philippe"]
[Black "Rodriguez, Jean-Pierre"]
[Result "1-0"]
[WhiteElo "1962"]
[BlackElo "1858"]
[PlyCount "125"]
[EventDate "2009.??.??"]

1. d4 Nf6 2. Bg5 e6 3. e4 Be7 4. Bxf6 Bxf6 5. e5 Be7 6. Nf3 O-O 7. Bd3 d6 8.
O-O dxe5 9. dxe5 c5 10. Nbd2 Nc6 11. Re1 Qc7 12. Qe2 Rd8 13. Rad1 Nb4 14. Be4
Rb8 15. a3 Nd5 16. c4 Nf4 17. Qe3 Ng6 18. Bxg6 hxg6 19. Ne4 Bd7 20. Nd6 Be8 21.
Ng5 Bxd6 22. exd6 Rxd6 23. Rxd6 Qxd6 24. Ne4 Qd4 25. Nxc5 Qxb2 26. Qd3 Bc6 27.
Qd6 Re8 28. Nd3 Qc3 29. Rd1 Qxc4 30. Ne5 Qe4 31. f3 Qe3+ 32. Kh1 Bd5 33. Qd7
Rf8 34. Qc7 Qxa3 35. h3 a5 36. Rd3 Qb4 37. Rc3 a4 38. Nd3 Qb5 39. Ne5 Qb4 40.
Nd3 Qd4 41. Ne5 Qf4 42. Qd6 f6 43. Qxf8+ Kxf8 44. Nxg6+ Kf7 45. Nxf4 Bc6 46.
Nd3 Ke7 47. Nb4 Kd6 48. Nxc6 bxc6 49. Ra3 c5 50. Rxa4 g5 51. Kg1 Kd5 52. Kf2 c4
53. Ke3 Ke5 54. Ra8 f5 55. g3 Kd5 56. h4 f4+ 57. gxf4 gxh4 58. Ra5+ Kd6 59. Kd4
Ke7 60. Rh5 Kf6 61. Kxc4 Kg6 62. Rxh4 Kf5 63. Kd4 1-0